[Event "Bad Woerishofen op"]
[Site "Bad Woerishofen"]
[Date "2001.??.??"]
[Round "6"]
[White "Naiditsch, Arkadij"]
[Black "Matzat, Andre"]
[Result "1-0"]
[WhiteElo "2484"]
[BlackElo "2245"]
[Annotator "ChessOrg"]
[PlyCount "65"]
[EventDate "1998.03.05"]
[Source "ChessBase"]
[SourceDate "1998.04.29"]

1. e4 {B17: Caro-Kann-Verteidigung} 1... c6 2. d4 d5 3. Nc3 dxe4 4. Nxe4 Nd7 5.
Ng5 Ngf6 6. Bd3 e6 7. N1f3 Bd6 8. Qe2 h6 9. Ne4 Nxe4 10. Qxe4 c5 11. Bd2 Qc7
12. Qe2 12... cxd4 {letzter Buchzug} 13. Nxd4 Be5 14. Be3 a6 (14... Bxh2 $143
15. Nb5 Qe5 16. g3 Bxg3 17. fxg3 $16) 15. O-O-O Nc5 (15... Bxh2 $2 16. g3 Bxg3
17. fxg3 Qxg3 18. Rh5 $16) 16. Nf3 Bf6 (16... Nxd3+ $143 17. Rxd3 Bf6 18. Rhd1
$14) 17. Kb1 Bd7 18. Bd4 Rc8 (18... Bxd4 19. Nxd4 Rd8 20. Qh5 $15) 19. Bxf6
gxf6 20. Rhe1 Rg8 21. g3 Bc6 22. Nd4 Qb6 (22... Bd5 23. Nf5 $14) 23. f4 (23.
Qh5 $5 23... e5 24. f4 Nxd3 25. Rxd3 $16) 23... Bd5 $11 (23... Nxd3 $143 24.
Qxd3 (24. Rxd3 $6 24... Bb5 $14) 24... Rd8 25. Qh7 $16) 24. c4 Nxd3 25. Qxd3
Rxc4 (25... Bxc4 $142 26. Qh7 Rf8 27. Nxe6 27... Bxe6 $14) 26. Nxe6 $1 $16
26... Be4 $4 (26... Bxe6 27. Qxc4 $18) 27. Rxe4 $18 27... Rxe4 28. Qxe4 (28.
Qd7#) 28... fxe6 $2 (28... Qxe6 $142 29. Qb4 a5 30. Qxb7 30... Kf8 $16) 29. Qh7
$18 29... Kf8 30. Qxh6+ Ke7 31. Qh7+ Kf8 32. a3 Rg7 (32... Qa5 33. Ka2 Qd5+ 34.
Rxd5 exd5 35. Qxb7 35... Rh8 $18) 33. Qh8+ (33. Qh8+ Rg8 34. Qh6+ Ke8 35. Qh5+
Ke7 36. Qh7+ Rg7 37. Qxg7+ Ke8 38. Rd7 Qg1+ 39. Ka2 Qa1+ 40. Kxa1 e5 41. Qe7#)
1-0

[Event "Bad Woerishofen op"]
[Site "Bad Woerishofen"]
[Date "2001.??.??"]
[Round "8"]
[White "Naiditsch, Arkadij"]
[Black "Filippov, Valeri"]
[Result "1/2-1/2"]
[WhiteElo "2484"]
[BlackElo "2619"]
[Annotator "ChessOrg"]
[PlyCount "95"]
[EventDate "1998.03.05"]
[Source "ChessBase"]
[SourceDate "1998.04.29"]

1. e4 {B33: Sizilianisch (Lasker/Pelikan/Sweschnikow-Variante)} 1... c5 2. Nf3
e6 3. d4 cxd4 4. Nxd4 Nf6 5. Nc3 Nc6 6. Ndb5 d6 7. Bf4 e5 8. Bg5 a6 9. Na3 b5
10. Bxf6 gxf6 11. Nd5 f5 12. c3 Bg7 13. exf5 Bxf5 14. Nc2 Be6 15. a4 15... bxa4
{letzter Buchzug} 16. Rxa4 O-O 17. Nce3 (17. Rxa6 Rxa6 18. Bxa6 Bxd5 19. Qxd5
19... Qb6 $14) 17... f5 (17... a5 18. Bb5 Ne7 19. Bc4 $14) 18. Bc4 Kh8 19. Nb6
(19. Nb4 $5 19... Bd7 20. Rxa6 (20. Nxa6 $143 20... Na5 $15) (20. Qxd6 $143
20... Na5 21. Rxa5 21... Qxa5 $15) 20... Rxa6 21. Nxa6 $16 (21. Bxa6 $143 21...
Nxb4 22. cxb4 22... Qb6 $11)) 19... Qxb6 $11 20. Bxe6 Qxb2 21. O-O f4 (21...
Qxc3 $2 22. Rc4 Qxc4 23. Nxc4 $18) 22. Nf5 Qb6 23. Qg4 (23. Nxd6 $143 23...
Rad8 24. Nc4 Rxd1 25. Nxb6 25... Rfd8 $11) 23... Bf6 24. Nxd6 Nd8 25. Rd1 a5 (
25... Nxe6 26. Qxe6 Qc7 27. Ne4 $16) 26. Bd5 Ra7 27. Ne4 Rg7 28. Qh5 Nf7 29. h4
(29. Rda1 29... Ng5 $18) 29... Rg6 30. Bxf7 (30. Rda1 Rh6 31. Qe2 Bxh4 32. Rxa5
32... Qg6 $16) 30... Rxf7 31. Nxf6 Qxf6 32. Rxa5 Rfg7 33. Ra8+ Rg8 34. Rxg8+
Rxg8 35. Re1 f3 36. g3 Rxg3+ 37. fxg3 f2+ 38. Kf1 fxe1=R+ 39. Kxe1 e4 40. Qe8+
Kg7 41. Qd7+ Kh6 42. Qd2+ Kg6 43. Qg5+ (43. Qe3 43... Qe5 $16) 43... Qxg5 $14
44. hxg5 Kxg5 45. Kf2 h5 46. c4 Kf5 47. Ke3 Ke5 48. c5 1/2-1/2

[Event "Bad Woerishofen op"]
[Site "?"]
[Date "2001.??.??"]
[Round "2"]
[White "Naumkin, Igor"]
[Black "Seifert, Volker"]
[Result "1-0"]
[WhiteElo "2446"]
[BlackElo "2175"]
[Annotator "ChessOrg"]
[PlyCount "115"]
[EventDate "2000.??.??"]

1. d4 {E17: Damenindisch (Hauptfortsetzung)} 1... e6 2. c4 Nf6 3. Nf3 b6 4. g3
Bb7 5. Bg2 Be7 6. Nc3 Ne4 7. Bd2 f5 8. d5 Bf6 9. Qc2 9... Nxc3 {letzter Buchzug
} 10. Bxc3 Bxc3+ (10... exd5 11. cxd5 Bxc3+ 12. Qxc3 $11) 11. Qxc3 $14 (11.
bxc3 $143 11... Qf6 $15 (11... exd5 $143 12. Qxf5 Qf6 13. Qxf6 gxf6 14. Nd4 $14
)) 11... O-O 12. Rd1 Qe7 13. O-O Na6 14. Nd4 (14. dxe6 14... d6 $14 (14... Qxe6
$4 15. Nd4 Qe5 16. Bxb7 $18)) 14... Qf6 15. b4 e5 16. Nb3 e4 (16... f4 17. c5
$11) 17. Qxf6 Rxf6 (17... gxf6 $143 18. a3 $16) 18. a3 Re8 19. f3 exf3 20. Bxf3
Re3 21. Rd3 Rxd3 22. exd3 Kf7 23. Nd4 g6 24. Nb5 c6 25. dxc6 Bxc6 26. Nxa7 Bxf3
27. Rxf3 Nc7 28. d4 d5 29. c5 bxc5 30. dxc5 (30. bxc5 $6 30... Ra6 31. Nc8
31... Nb5 $14) 30... Ra6 31. Nc8 Nb5 32. Nb6 Rxa3 33. Rxa3 Nxa3 34. Nxd5 Nb5
35. Kf2 Ke6 36. Nf4+ Ke5 37. Ke3 g5 38. Ne2 h5 (38... Nc7 $5 39. Kd3 39... f4
$18) 39. h4 $18 39... gxh4 40. gxh4 Nc7 41. Nf4 Na6 42. c6 Nc7 43. Nxh5 Kd6 44.
Nf6 Ke6 45. Nh5 $4 (45. Ng8 Nd5+ 46. Kd2 46... Nxb4 $18) 45... Nd5+ $4 (45...
Kd6 46. Nf4 46... Kxc6 $18) 46. Kd4 $18 46... Nxb4 47. c7 (47. Ng7+ $5 $142
47... Kf6 48. Ne8+ Ke6 49. c7 Nc6+ 50. Kc5 $18) 47... Kd7 48. Nf4 Kxc7 49. Ke5
Kd7 50. Kf6 50... Ke8 $2 (50... Nc2 $18 $142) 51. Kg7 (51. Kxf5 $6 51... Kf7
$16) 51... Nc6 52. h5 Ne5 53. h6 Nf7 54. h7 Ke7 55. Ng6+ Ke8 56. Kf6 f4 57.
Nxf4 Nh8 58. Ng6 (58. Ng6 Nxg6 59. Kxg6 $18) 1-0

[Event "Bad Woerishofen op"]
[Site "Bad Woerishofen"]
[Date "2001.??.??"]
[Round "4"]
[White "Naumkin, Igor"]
[Black "Levin, Felix"]
[Result "1/2-1/2"]
[WhiteElo "2446"]
[BlackElo "2531"]
[Annotator "ChessOrg"]
[PlyCount "25"]
[EventDate "1998.03.05"]
[Source "ChessBase"]
[SourceDate "1998.04.29"]

1. d4 {E15: Damenindisch (Hauptfortsetzung, Abweichungen)} 1... Nf6 2. Nf3 e6
3. c4 b6 4. g3 Ba6 5. b3 Bb4+ 6. Bd2 Bxd2+ 7. Qxd2 c6 8. Bg2 O-O 9. O-O d5 10.
Na3 {letzter Buchzug} 10... Nbd7 11. Rac1 c5 12. cxd5 exd5 13. Rfe1 1/2-1/2

[Event "Bad Woerishofen op"]
[Site "Bad Woerishofen"]
[Date "2001.??.??"]
[Round "6"]
[White "Naumkin, Igor"]
[Black "Markus, John R"]
[Result "1-0"]
[WhiteElo "2446"]
[BlackElo "2225"]
[Annotator "ChessOrg"]
[PlyCount "43"]
[EventDate "1998.03.05"]
[Source "ChessBase"]
[SourceDate "1998.04.29"]

1. d4 {A43: Alt-Benoni} 1... Nf6 2. Nf3 c5 3. d5 b5 4. Bg5 Ne4 5. Bh4 5... Bb7
{letzter Buchzug} 6. Qd3 f5 7. Nbd2 c4 8. Qd4 Na6 9. Nxe4 fxe4 10. Qxe4 Qa5+
11. c3 Nc5 12. Qe3 Nb3 13. Rd1 Qxa2 14. d6 14... O-O-O $2 (14... Na1 15. Qc1
Bxf3 16. exf3 16... Nb3 $16) 15. dxe7 $18 (15. Bxe7 $6 15... Re8 $15) 15...
Bxe7 (15... Re8 16. Qe5 Bxe7 17. Bxe7 Qxb2 18. Nd2 $18 (18. Qxg7 Na1 19. Rxa1
Qxa1+ 20. Kd2 Qb2+ 21. Kd1 21... b4 $19)) 16. Bxe7 (16. Qxe7 $6 16... Qxb2 17.
Qe3 17... Rhe8 $16) 16... Rde8 17. g3 Na1 (17... Bxf3 18. Qxf3 18... Rxe7 $18)
18. Qc5+ Kb8 19. Bg2 (19. Rxd7 Qb1+ 20. Rd1 Nc2+ 21. Kd2 Qxb2 22. Qd6+ 22...
Ka8 $19) 19... Nc2+ 20. Kf1 Qxb2 (20... Qa4 21. Qd6+ Ka8 22. Qxd7 Rxe7 23. Qxe7
Ne3+ 24. fxe3 Qxd1+ 25. Kf2 $18) 21. Ne5 (21. Ng5 $5 21... Rc8 22. Qe5+ 22...
Rc7 $18) 21... Rxe7 (21... Ne3+ 22. Qxe3 Rxe7 23. Nc6+ dxc6 24. Qxe7 Rc8 25.
Qxg7 25... b4 $18) 22. Qd6+ (22. Qd6+ Ka8 23. Bxb7+ (23. Qxe7 Ne3+ 24. fxe3
Bxg2+ 25. Kxg2 Qxe2+ 26. Kh3 Qh5+ 27. Qh4 27... Qxe5 $18) 23... Kxb7 24. Qxe7
Ne3+ 25. fxe3 $18) 1-0

[Event "Bad Woerishofen op"]
[Site "?"]
[Date "2001.??.??"]
[Round "1"]
[White "Neumann, Peter"]
[Black "Peschel, Andreas"]
[Result "0-1"]
[WhiteElo "1769"]
[BlackElo "2177"]
[Annotator "ChessOrg"]
[PlyCount "74"]
[EventDate "2000.??.??"]

1. e4 {B41: Sizilianisch (Paulsen-Variante)} 1... c5 2. Nf3 e6 3. d4 cxd4 4.
Nxd4 a6 5. f4 5... Nf6 {letzter Buchzug} 6. Bd3 b5 7. Be3 Bb7 8. Nd2 d5 (8...
Nc6 9. Nxc6 Bxc6 10. O-O $11) 9. e5 $14 9... Ne4 10. Qg4 Nd7 11. Bxe4 dxe4 12.
O-O g6 13. Rad1 Bd5 14. Ne2 Rc8 15. Nc3 Rxc3 (15... b4 $5 16. Nxd5 16... exd5
$11) 16. bxc3 $16 16... Qa5 17. Bd4 Qxa2 18. Rc1 Nc5 19. Qe2 Be7 (19... Bc4 20.
Nxc4 Qxc4 21. Qxc4 21... bxc4 $18) 20. Qe3 $18 20... Na4 (20... Nd7 21. Ra1
Qxc2 22. Rxa6 $18) 21. Nxe4 (21. c4 $5 $142 21... Bxc4 22. Ra1 (22. Nxc4 $6
22... Qxc4 23. Qxe4 23... O-O $14) 22... Qxc2 23. Rfc1 $18) 21... Bxe4 22. Qxe4
O-O (22... Qd5 23. Qxd5 exd5 24. Kf2 $18) 23. Qb7 $18 23... Bc5 24. Qxa6 $4 (
24. Kh1 Bxd4 25. cxd4 25... Nc3 $16) 24... Qc4 $4 (24... Nxc3 $142 25. Qxa2
Bxd4+ (25... Nxa2 $4 26. Bxc5 Nxc1 27. Bxf8 $18) 26. Kh1 26... Nxa2 $19) 25.
Kh1 $18 25... Nxc3 26. Bxc3 Qxc3 27. Qxb5 Be3 28. Rf3 Qd2 29. Rcf1 Rd8 (29...
Rc8 30. Rg3 $18) 30. h3 (30. Qb3 $142 30... Bf2 31. Rd3 (31. R3xf2 $6 31...
Qxf2 32. Qc4 32... Qe3 $14) (31. R1xf2 $6 31... Qxf2 32. Qb1 32... Qd2 $16)
31... Rxd3 32. cxd3 $18) 30... Rd4 $2 (30... Rc8 31. Qd3 Rxc2 32. Qxd2 Bxd2 33.
R3f2 $18) 31. g3 (31. Qb3 $142 31... Bxf4 32. c3 32... Re4 $18) 31... Rd5 32.
Qb8+ Kg7 33. Qb3 Bd4 (33... Ba7 34. c4 Rd7 35. Qb5 $18) 34. Rd3 (34. c4 $5 $142
34... Rd8 $18) 34... Qe2 35. Rdd1 $4 (35. Qb1 Bf2 36. Qd1 Qxd1 37. Rfxd1 Bxg3
38. Rxd5 (38. Rxg3 $143 38... Rxd1+ 39. Rg1 39... Rd4 $15) 38... exd5 39. Rxd5
Bxf4 40. c4 $18) 35... Bf2 $11 36. c4 (36. Rxf2 Rxd1+ 37. Kg2 37... Qe1 $15)
36... Rd2 (36... Bxg3 $5 $142 37. Qxg3 Rxd1 38. Rxd1 Qxd1+ 39. Kg2 Qe2+ 40. Kg1
40... Qxc4 $17) 37. Qb7 $4 (37. Rg1 $142 37... Bxg1 38. Rxd2 Qxd2 39. Kxg1 Qe1+
40. Kg2 Qe2+ 41. Kh1 Qf1+ 42. Kh2 Qe2+ 43. Kg1 Qe1+ 44. Kg2 Qe2+ 45. Kg1 45...
Qe1+ $11) 37... Bxg3 (37... Bxg3 38. Qxf7+ Kxf7 39. Rf2 Rxd1+ 40. Kg2 Qxf2#)
0-1

[Event "Bad Woerishofen op"]
[Site "Bad Woerishofen"]
[Date "2001.??.??"]
[Round "3"]
[White "Neumann, Peter"]
[Black "Teich, Udo"]
[Result "1/2-1/2"]
[WhiteElo "1769"]
[BlackElo "2119"]
[Annotator "ChessOrg"]
[PlyCount "69"]
[EventDate "1998.03.05"]
[Source "ChessBase"]
[SourceDate "1998.04.29"]

1. e4 {C01: Franzoesische Verteidigung (Abtauschvariante)} 1... e6 2. d4 d5 3.
exd5 exd5 4. Bf4 Bd6 5. Qd2 {letzter Buchzug} 5... Ne7 6. Nc3 a6 7. Bd3 Nbc6 8.
Nf3 Bg4 9. Ne5 Be6 10. Ne2 Nb4 11. O-O Nxd3 (11... O-O 12. c3 Bxe5 13. cxb4 $11
) 12. Nxd3 $11 12... O-O 13. Bxd6 Qxd6 14. Nc5 Bc8 15. Ng3 h6 16. Nd3 Ng6 17.
Rfe1 f6 18. Nh5 Bf5 19. c3 Rfe8 20. Rxe8+ Rxe8 21. Re1 Rxe1+ 22. Nxe1 Kf7 23.
Ng3 Bd7 24. Nd3 Bb5 25. Nh5 Qe7 26. g3 $2 (26. Ng3 $15 $142) 26... Qe4 $19 27.
Ne1 27... Ne7 $4 (27... Qg4 $142 28. c4 28... dxc4 $19 (28... Qxh5 $6 29. cxb5
axb5 30. h4 $17)) 28. f3 Qb1 29. a3 g5 30. Kf2 Nf5 31. Qc2 Qxc2+ 32. Nxc2 a5
33. Ne3 (33. g4 33... Nd6 $11) 33... Ne7 (33... Nxe3 $5 34. Kxe3 34... f5 $15)
34. Ng4 $11 34... Ng8 35. Ne3 1/2-1/2

[Event "Bad Woerishofen op"]
[Site "Bad Woerishofen"]
[Date "2001.??.??"]
[Round "5"]
[White "Neumann, Peter"]
[Black "Hartung, Thomas"]
[Result "0-1"]
[WhiteElo "1769"]
[BlackElo "2062"]
[Annotator "ChessOrg"]
[PlyCount "76"]
[EventDate "1998.03.05"]
[Source "ChessBase"]
[SourceDate "1998.04.29"]

1. e4 {B82: Sizilianisch (Scheveninger System)} 1... c5 2. Nf3 d6 3. d4 cxd4 4.
Nxd4 Nf6 5. Nc3 a6 6. f4 Qc7 7. Bd3 e6 8. O-O Be7 9. Be3 b5 10. Qf3 Bb7 11. Qg3
{letzter Buchzug} 11... b4 12. Nd1 O-O (12... Bxe4 $5 13. Nf2 Bxd3 14. Nxd3
14... Nd5 $17) 13. Nf2 $11 13... Nbd7 14. Bd2 Qb6 15. Nf3 (15. Qe3 $5 $11 $142)
15... Bxe4 16. Ng5 Bxd3 17. cxd3 Nd5 18. Kh1 Bf6 19. Qh4 $2 (19. f5 $142 19...
exf5 20. Nd1 $17) 19... h6 $19 20. Ng4 hxg5 21. Nxf6+ N7xf6 22. fxg5 Nd7 23.
Rf3 Rfc8 24. Raf1 Ne5 25. Rh3 Kf8 26. g6 (26. Qh7 Qa5 27. g6 $17) 26... Nxg6
27. Qg5 Nf6 28. Rxf6 gxf6 29. Qxf6 Qc5 30. Rf3 Rc7 31. h4 Qh5 (31... Kg8 32.
Re3 Qh5 33. Bxb4 Qxh4+ 34. Qxh4 Nxh4 35. Rg3+ Ng6 36. Bxd6 $19) 32. Qxe6 (32.
Bxb4 32... Kg8 $19) 32... Qxh4+ 33. Kg1 Qd4+ 34. Kf1 Qxd3+ (34... Kg7 35. Qb3
Rh8 36. Be3 Rh1+ 37. Ke2 $19) 35. Ke1 (35. Rxd3 fxe6 36. Rxd6 36... a5 $19)
35... Qxf3 36. Bh6+ (36. Qxd6+ Re7+ 37. Qxe7+ Nxe7 38. gxf3 $19) 36... Kg8 37.
Qxd6 (37. Qxg6+ fxg6 38. gxf3 $19) 37... Re7+ (37... Re8+ 38. Qe7 Rexe7+ 39.
Be3 Rxe3+ 40. Kd2 Qe2#) 38. Qxe7 $19 38... Qg3+ (38... Qg3+ 39. Kd1 Qd3+ 40.
Ke1 40... Nxe7 $19) 0-1

[Event "Bad Woerishofen op"]
[Site "Bad Woerishofen"]
[Date "2001.??.??"]
[Round "7"]
[White "Neumann, Peter"]
[Black "Federer, Hans-Joachim"]
[Result "1/2-1/2"]
[WhiteElo "1769"]
[BlackElo "2025"]
[Annotator "ChessOrg"]
[PlyCount "82"]
[EventDate "1998.03.05"]
[Source "ChessBase"]
[SourceDate "1998.04.29"]

1. e4 {B83: Sizilianisch (Scheveninger System)} 1... c5 2. Nf3 d6 3. d4 cxd4 4.
Nxd4 Nf6 5. Nc3 Nc6 6. Be3 e6 7. f4 a6 8. Be2 Be7 9. Qd2 Qc7 10. O-O {
letzter Buchzug} 10... O-O 11. Kh1 Bd7 12. Rf3 b5 13. a3 Rfe8 14. Rg3 Rad8 15.
Nf3 g6 (15... e5 16. Nd5 Nxd5 17. exd5 $11 (17. Qxd5 $143 17... Be6 18. Qd3
18... Bf6 $15)) 16. Rf1 (16. Rd1 16... Bc8 $14) 16... Bc8 17. Qe1 (17. Rg1
17... e5 $11) 17... d5 $15 18. e5 (18. Qf2 $5 $15) 18... Nh5 $17 19. Rh3 d4 20.
Nxd4 Nxd4 (20... Rxd4 $143 21. Bxd4 Nxd4 22. Bxh5 $16) 21. Bxh5 Nxc2 22. Qg3 (
22. Qe2 Nxe3 23. Rxe3 23... b4 $17) 22... Nxe3 23. Qxe3 23... Bb7 $4 (23...
gxh5 $142 24. Rxh5 Qc4 25. Qg3+ 25... Kh8 $19) 24. Bf3 Bc5 25. Qe1 Rd4 26. Qh4
h5 27. Bxh5 Qd8 (27... gxh5 28. Qg5+) 28. Qg3 Kg7 (28... Rd2 29. Bf3 Bxf3 30.
Qxf3 (30. gxf3 $143 30... Qd3 31. Rc1 31... Rf2 $17 (31... Rxb2 $4 32. Qh4
Qxf3+ 33. Rxf3 $18)) 30... Rxb2 31. Ne4 $11) 29. Bf3 $16 29... Bxf3 30. Qxf3 (
30. Rxf3 $4 30... Rd1+ 31. Nxd1 Qxd1+ 32. Qe1 Qxe1+ 33. Rf1 Qxf1#) (30. gxf3 $6
30... Be7 $11) 30... Qa8 31. Qf2 Qd8 32. Qg3 Be7 33. Qe3 Rh8 34. Rxh8 Kxh8 35.
Qf3 b4 36. axb4 Rxb4 37. Qe2 Qb6 38. Nd1 Qb5 39. Qxb5 Rxb5 40. Rf3 Rd5 41. Rf1
(41. Ne3 Rd2 42. b3 42... Rd3 $14) 41... Rd2 $11 1/2-1/2

[Event "Bad Woerishofen op"]
[Site "Bad Woerishofen"]
[Date "2001.??.??"]
[Round "2"]
[White "Noras, Peter"]
[Black "Porubszki, Georg"]
[Result "1-0"]
[WhiteElo "1632"]
[BlackElo "1908"]
[Annotator "ChessOrg"]
[PlyCount "67"]
[EventDate "1998.03.05"]
[Source "ChessBase"]
[SourceDate "1998.04.29"]

1. c4 {A84: Hollaendische Verteidigung} 1... f5 2. d4 e6 3. Nf3 d5 4. e3 c6 5.
g3 {letzter Buchzug} 5... Nf6 6. Bg2 Be7 7. b3 O-O 8. O-O Ne4 9. Bb2 Bd7 (9...
Nd7 10. Qd3 $11) 10. Nc3 Be8 11. Nxe4 (11. Ne5 11... Nd7 $11) 11... fxe4 $11
12. Ne5 Nd7 13. Nxd7 Qxd7 14. Bh3 Bg6 15. cxd5 cxd5 16. Rc1 Bf5 17. Bg2 Rac8
18. Qd2 (18. Qe2 18... Bd6 $11) 18... Bg4 $15 19. Rxc8 Rxc8 20. f3 exf3 21.
Bxf3 Bf5 22. Rc1 Rf8 23. Bg2 Bd6 24. Bc3 Ba3 25. Rf1 Rc8 26. Bb4 26... Rc2 $4 (
26... Bxb4 $142 27. Qxb4 27... Bd3 $15) 27. Qxc2 $1 $18 27... Bxb4 (27... Bxc2
28. Rf8#) 28. Qc1 h6 29. a3 Bd6 30. b4 Bd3 31. Rf2 a6 32. Qd1 Bf5 33. Qb3 33...
Qc6 $4 (33... Kh8 $18 $142) 34. Rxf5 $1 (34. Rxf5 Be7 35. Rf1 $18) 1-0

[Event "Bad Woerishofen op"]
[Site "Bad Woerishofen"]
[Date "2001.??.??"]
[Round "4"]
[White "Noras, Peter"]
[Black "Santl, Anton"]
[Result "1/2-1/2"]
[WhiteElo "1632"]
[BlackElo "2206"]
[Annotator "ChessOrg"]
[PlyCount "37"]
[EventDate "1998.03.05"]
[Source "ChessBase"]
[SourceDate "1998.04.29"]

1. Nf3 {A16: Englische Eroeffnung} 1... Nf6 2. c4 g6 3. Nc3 Bg7 4. g3 O-O 5.
Bg2 d6 6. O-O Nc6 7. d3 Rb8 8. Rb1 a6 9. Bd2 {letzter Buchzug} 9... b5 10. b3
e5 11. Ng5 Ne7 12. Qc1 c6 13. Nce4 Nxe4 14. Nxe4 (14. Bxe4 $2 14... f6 $19)
14... d5 15. cxd5 cxd5 16. Nc5 Bg4 17. f3 Bf5 18. g4 (18. e4 18... Be6 $11)
18... Bc8 19. b4 1/2-1/2

[Event "Bad Woerishofen op"]
[Site "Bad Woerishofen"]
[Date "2001.??.??"]
[Round "7"]
[White "Noras, Peter"]
[Black "Camilleri, Henry"]
[Result "1/2-1/2"]
[WhiteElo "1632"]
[BlackElo "2167"]
[Annotator "ChessOrg"]
[PlyCount "107"]
[EventDate "1998.03.05"]
[Source "ChessBase"]
[SourceDate "1998.04.29"]

1. Nf3 {A85: Hollaendische Verteidigung} 1... e6 2. c4 f5 3. d4 Nf6 4. Nc3 Bb4
5. a3 Bxc3+ 6. bxc3 b6 7. Bg5 7... Ba6 {letzter Buchzug} 8. e3 h6 9. Bxf6 Qxf6
10. Be2 Nc6 11. Qa4 Bb7 12. O-O O-O 13. Rfd1 d6 14. d5 Ne7 15. Qd7 (15. dxe6 f4
(15... Qxc3 $143 16. Qd7 $16) 16. c5 fxe3 17. cxd6 cxd6 (17... Bxf3 18. Bxf3 (
18. gxf3 exf2+ 19. Kxf2 19... cxd6 $11) 18... exf2+ 19. Kf1 $16) 18. Rxd6 exf2+
19. Kxf2 19... Qxc3 $11) 15... e5 (15... exd5 $5 $142 16. Nd4 16... Rf7 $15)
16. Qxc7 $14 16... Rab8 (16... Bc8 17. Rab1 $14) 17. Qd7 $16 17... Rfc8 18. Qa4
18... b5 $2 (18... Ra8 $14 $142) 19. Qxa7 $18 (19. cxb5 $143 19... Rxc3 20.
Qxa7 20... Qf8 $18) (19. Qxb5 $6 19... Bxd5 20. Qa6 20... Bc6 $16) 19... Kh7 (
19... Ba8 20. Rdb1 $18) 20. Rab1 (20. cxb5 $6 20... Nxd5 21. Rdc1 21... Qe7 $18
) 20... Ba8 21. Rxb5 (21. a4 $5 $142 21... Rb7 22. Qa6 Rd7 23. Rxb5 23... Rdd8
$18) 21... Rxb5 22. cxb5 Nxd5 23. c4 (23. Rc1 Rxc3 24. Rxc3 Nxc3 25. Qxa8 Nxe2+
26. Kf1 $18) 23... Nc3 $11 24. Re1 Nxe2+ 25. Rxe2 Bxf3 26. gxf3 Rxc4 27. Re1
Qg6+ 28. Kh1 Qh5 29. e4 $2 (29. Kg2 e4 30. f4 $11) 29... Qxf3+ $19 30. Kg1 Qg4+
31. Kf1 31... Qf3 $4 (31... Qh3+ 32. Kg1 f4 33. Qf7 Rxe4 34. Rxe4 $19) 32. Kg1
fxe4 33. Qe3 Rc3 (33... Qg4+ 34. Qg3 Qc8 35. b6 $19) 34. Qxf3 exf3 (34... Rxf3
$143 35. Re3 Rf8 36. Rxe4 $14) 35. Ra1 Rb3 36. a4 Kg6 37. h3 d5 38. Kh2 Kf5 39.
Kg3 e4 40. Rd1 Ke5 41. Ra1 Rb4 42. h4 g6 43. a5 Rxb5 44. a6 Rb8 45. a7 Ra8 46.
Kg4 Kd4 47. Kf4 g5+ 48. hxg5 hxg5+ 49. Kxg5 Kd3 (49... e3 $5 $142 50. Ra4+ Ke5
51. fxe3 51... f2 $19) 50. Kf4 $11 50... Ke2 51. Ra2+ Kf1 52. Ke3 Kg2 53. Kd4
Kg1 54. Ke3 (54. Kxd5 $4 54... e3 55. fxe3 f2 56. Ra1+ f1=Q 57. Rxf1+ 57...
Kxf1 $19) 1/2-1/2

[Event "Bad Woerishofen op"]
[Site "Bad Woerishofen"]
[Date "2001.??.??"]
[Round "2"]
[White "Naegele, Thomas"]
[Black "Doettling, Fabian"]
[Result "0-1"]
[WhiteElo "2189"]
[BlackElo "2509"]
[Annotator "ChessOrg"]
[PlyCount "54"]
[EventDate "1998.03.05"]
[Source "ChessBase"]
[SourceDate "1998.04.29"]

1. e4 {D40: Damengambit (Verbesserte Tarrasch-Verteidigung)} 1... c6 2. d4 d5
3. exd5 cxd5 4. c4 Nf6 5. Nc3 e6 6. Nf3 Be7 7. Bd3 dxc4 8. Bxc4 O-O 9. O-O Nc6
10. a3 b6 11. Qd3 Bb7 12. Rd1 {letzter Buchzug} 12... Rc8 13. Ba2 Qd6 14. Bg5
Rfd8 15. Qe2 (15. Bb1 15... g6 $11) 15... h6 16. Bh4 Nh5 17. d5 Nf4 18. Qe3
exd5 19. Nxd5 Bxh4 (19... Nxd5 $143 20. Bxd5 Kh8 21. Bb3 $16) 20. Nxh4 (20.
Qxf4 $143 20... Qxf4 21. Nxf4 21... Bf6 $17) 20... Nxd5 21. Bxd5 (21. Rxd5 $5
21... Qc7 22. Re1 $11) 21... Qf6 $15 22. Qg3 $4 (22. Qf3 $142 22... Rxd5 23.
Rxd5 Qxh4 24. Rd7 $15) 22... Nd4 $19 (22... Qxb2 $6 23. Qf3 Rc7 24. Ra2 $17)
23. Rxd4 Qxd4 (23... Bxd5 $6 24. Rd3 $17) (23... Rxd5 $6 24. Rxd5 Bxd5 25. Rd1
$17) 24. Nf5 Qxb2 25. Re1 (25. Rf1 Bxd5 26. Ne7+ Kh8 27. Nxc8 27... Rxc8 $19)
25... Bxd5 (25... Rc1 $5 26. Bxf7+ Kf8 27. Qe3 Rxe1+ 28. Qxe1 $19) 26. Ne7+ Kh8
27. Nxc8 Rxc8 (27... Rxc8 28. h3 28... Qd2 $19) 0-1

[Event "Bad Woerishofen op"]
[Site "Bad Woerishofen"]
[Date "2001.??.??"]
[Round "4"]
[White "Naegele, Thomas"]
[Black "Dittmar, Peter"]
[Result "1/2-1/2"]
[WhiteElo "2189"]
[BlackElo "2339"]
[Annotator "ChessOrg"]
[PlyCount "41"]
[EventDate "1998.03.05"]
[Source "ChessBase"]
[SourceDate "1998.04.29"]

1. e4 {C09: Franzoesische Verteidigung (Tarrasch-Variante)} 1... e6 2. d4 d5 3.
Nd2 c5 4. exd5 exd5 5. Bb5+ Nc6 6. Ngf3 Bd6 7. O-O Nge7 8. dxc5 Bxc5 9. Nb3 Bb6
10. c3 O-O 11. Bg5 h6 12. Bh4 {letzter Buchzug} 12... Bg4 13. Re1 g5 14. Bg3
Nf5 15. Qd3 Nxg3 16. hxg3 Qd6 17. Nfd4 Ne5 18. Qc2 Nc4 19. Nd2 Rac8 20. Nxc4
dxc4 21. Re4 (21. Qe4 $5 21... Bxd4 22. cxd4 $11 (22. Qxg4 Bxf2+ 23. Kxf2 Qb6+
24. Kf1 24... Qxb5 $15)) 1/2-1/2